|
|
|
|
| LEADER |
00000ny a22000003n 4500 |
| 005 |
20110620130837.0 |
| 008 |
091211s2005 ck 000 0 eng d |
| 020 |
|
|
|a 9789588225487
|
| 035 |
|
|
|a 2548
|
| 040 |
|
|
|a BUS
|d vLex
|
| 090 |
|
|
|c 874
|d 874
|
| 100 |
1 |
|
|a Holgun̕ Mora, Toms̀
|
| 245 |
1 |
0 |
|a Carlos Holgun̕ Holgun̕
|h [Recurso electrn̤ico]
|b Escritos /
|c Toms̀ Holgun̕ Mora ; Paula Torres Holgun̕
|
| 256 |
|
|
|a Servicio en ln̕ea.
|
| 260 |
|
|
|a Colombia :
|b Universidad del Rosario,
|c 2005
|
| 506 |
1 |
|
|a Contenido solo disponible en los productos indicados
|d vLex Global
|d vLex Global (Academic Edition, excluding Law Schools)
|d vLex Global (U.S. Academic Edition, Law Schools)
|d vLex Global (U.S. Academic Edition, excluding Law Schools)
|d vLex Global (Academic Edition, Law Schools)
|
| 600 |
1 |
|
|a Holgun̕ Holgun̕, Carlos
|
| 650 |
0 |
4 |
|a Derecho
|x Discursos, ensayos, conferencias
|
| 700 |
1 |
|
|a Torres Holgun̕, Paula
|
| 710 |
2 |
|
|a Universidad del Rosario (Colombia)
|
| 740 |
0 |
|
|a vLex Libros (Servicios en ln̕ea)
|
| 856 |
4 |
0 |
|z Acceso restringido
|u http://vlex.com/source/2548
|
| 942 |
|
|
|c BOOK
|
| 999 |
0 |
|
|a Law
|b Colombia
|